1727 1941 1336 1356 1155 1740 1828 1671 1300 1147 1234 1343 1933 1567 1628 1626 1994 1474 1212 1125 1681 1341 1321 1981 1282 1246 1527 1082 1641 1778 1496 1624 1971 1819 1928 1551 1811 1117 1904 1753 1226 1702 1588 1213 1434 1498 1395 1419 1220 1549 1182 1757 1994 1123 1973 1083 1876 1952 1570 1693 1156 1934 1313 1918 1590 1681 1567 1765 1312 1458 1765 1483 1326 1103 1600 1900 1987 1307 1184 1833 1692 1545 1952 1819 1198 1548 1818 1603 1466 1038 1502 1823 1770 1788 1355 1728 1133 1305 1583 BCNSPRNW ULIB Ver.6.0+V

เปลี่ยนเป็นภาษาไทย

Change to English
 แสดงรายละเอียดบรรณานุกรม
  กลับหน้าหลัก

Brief Record : Get Marc (ISO 2709) : E-mail record : QR code < ปิดหน้าต่าง
LEADER : 00000nam 2200000uu 4500
001    13399123169
003     ULIB
008    130709s2551||||th 000 0 tha d
020    ^a9789740466680
090    ^aนว.^bร111ร
100 0  ^aโรสลิต้า
245 00 ^aเรื่องเล่าสาววอลมาร์ท/^cโรสลิต้า
250    ^aพิมพ์ครั้งที่ 1
260    ^aกรุงเทพฯ :^bนกฮูก,^c2551
300    ^a351หน้า
710 1  ^aนกฮูก
945    ^p235^l0^i20317
995    ^aทศพร
999    ^aทศพร เกษรทอง
รายการนี้ยังไม่มีแท็ก
คุณยังไม่ได้ล็อกอิน คุณสามารถมีกิจกรรมร่วมกับเว็บไซต์ได้ แต่ต้องล็อกอินก่อน ::
  ล็อกอิน

รายการสื่อสารสนเทศ

ลำดับที่ ประเภท เลขเรียก/บาร์โค้ด สถานที่ สถานะ
1. นวนิยาย
นวนิยาย
นว. ร111ร ฉ.1 
  Barcode: 20317
ห้องสมุดวิทยาเขตนครสวรรค์
►นวนิยาย:l:Fiction
บนชั้น

BibComment


ยังไม่เคยถูกคอมเมนท์

คอมเมนท์ทรัพยากรรายการนี้
  คอมเมนท์: เรื่องเล่าสาววอล..


 Copyright 2026. Bcnsprnw @Library